000 00970nam a22002417a 4500
999 _c63359
_d63359
005 20240530110636.0
008 170925s2014 ts f b 000 0dara d
020 _a9789948149453
040 _aEG-CaGPL
_cEG-CaGPL
082 0 4 _221
_a658.4092 /
_bف ف
100 1 _aفورنهام، ادريان
245 1 2 _aالفيل فى غرفة مجلس الادارة :
_bاسباب انحراف القيادة /
_cأدريان فورنهام
250 _aط. 1
260 _aابوظبى :
_bمركز الامارات للدراسات و البحوث الاستراتيجية ،
_c2014.
300 _a389 ص. ؛
_c24 سم.
490 0 _aدراسات مترجمة ؛
_v69
504 _aيشتمل على ارجاعات ببليوجرافية
650 0 7 _2qrmak
_aالقيادة الادارية
650 0 7 _2qrmak
_aالقيادة الادارية
_xاخلاقيات
650 0 7 _2qrmak
_aانحراف القيادة
942 _2ddc
_cBK